LEADER 01350nam0-2200397---450- 001 990000964880203316 005 20091201151717.0 010 $a88-14-06019-3 035 $a0096488 035 $aUSA010096488 035 $a(ALEPH)000096488USA01 035 $a0096488 100 $a20020218d1996----km-y0ITAy01------ba 101 $aita 102 $aIT 105 $a||||||||001yy 200 1 $a<> provvedimenti a tutela dei minori$eseparazione, divorzio e situazioni di convivenza$eprocedimenti avanti il tribunale civile, il tribunale dei minorenni ed il giudice tutelare...$fRoberto Thomas, Maurizio Bruno 210 $aMilano$cGiuffré$d1996 215 $aIX, 223 p$d24 cm 225 2 $aCosa & come$iFamiglia 606 $aMinori$xTutela 676 $a346.450135 700 1$aTHOMAS,$bRoberto$0264135 701 1$aBRUNO,$bMaurizio$0414773 801 0$aIT$bsalbc$gISBD 912 $a990000964880203316 951 $aXXX.B. Coll. 13/ 224 (IRA 40 147)$b12040 G$cXXX.B. Coll. 13/ (IRA)$d00128551 959 $aBK 969 $aGIU 979 $aPATTY$b90$c20020218$lUSA01$h1235 979 $aPATTY$b90$c20020218$lUSA01$h1239 979 $c20020403$lUSA01$h1739 979 $aPATRY$b90$c20040406$lUSA01$h1706 979 $aRSIAV1$b90$c20091201$lUSA01$h1517 996 $aProvvedimenti a tutela dei minori$9972911 997 $aUNISA